Countries in Asia - Statistics

General Stats
  • This quiz has been taken 17 times
  • The average score is 5 of 6
Answers on the Grid
Answers color-coded by a green-red scale on the quiz's grid according to % correct below.
China
India
Egypt
Japan
Papua New Guinea
Somalia
Brunei
Greece
Kazakhstan
Mongolia
 
Answer Stats
Answer % Correct
China
100%
India
100%
Japan
100%
Kazakhstan
83%
Mongolia
83%
Brunei
67%
No matching quizzes found
Score Distribution
Percent of People with Each Score
Percentile by Number Answered
Your Score History
You have not taken this quiz